header

Presence-based coaching (Record no. 32006)

MARC details
000 -LEADER
fixed length control field 01345nam a2200325Ia 4500
100 1# - MAIN ENTRY--AUTHOR NAME
Personal name Silsbee, Douglas K.
245 10 - TITLE STATEMENT
Title Presence-based coaching
250 ## - EDITION STATEMENT
Edition statement 1st ed.
260 ## - PUBLICATION, DISTRIBUTION, ETC. (IMPRINT)
Place of publication San Francisco, CA :
Name of publisher Jossey-Bass,
Year of publication c2008.
300 ## - PHYSICAL DESCRIPTION
Number of Pages xvii, 302 p.
650 #0 - SUBJECT ADDED ENTRY--TOPICAL TERM
Topical Term Executive coaching.
Topical Term Personal coaching.
Topical Term Self-actualization (Psychology)
856 40 - ELECTRONIC LOCATION AND ACCESS
Uniform Resource Identifier http://site.ebrary.com/lib/rucke/Doc?id=10257545

No items available.

© 2026 Rongo University
Contact us: librarian | system librarian | Rongo university